000 00387nam a22001337a 4500
008 230623b xxu||||| |||| 00| 0 eng d
020 _a9966900306
082 _a330.
_bMUS 1997
245 _aIntra-Industry Trade Between Members of the PTA/COMESA Regional Trading Arrangement
260 _bAfrican Economic Research Consortium
_c1997
300 _a68p
440 _n31
942 _2ddc
_cBK
999 _c2404
_d2404